000
00250nam a2200109Ia 4500
008
221009s9999 xx 000 0 und d
082
_a
080
100
_a
VIvekananda,Swami
_9
79595
245
0
_a
365 Quotes
260
_b
Corporate Om Books
942
_c
BK
999
_c
64963
_d
64963